01968cam a22003374i 4500003000900000005001700009008004100026035001900067040003300086082001900119100003600138245009800174264004300272300004500315336002100360337002500381338002300406505109000429526001001519526001001529526001001539526001001549526000801559526000801567526000801575526000801583526000801591526000801599526000801607600001501615PE-LiUPU20250731173253.0150625s r 000 0 d a(Sirsi) a35632 aPE-LiUPUbspacPE-LiUPUerda04a232.9bM262211 aMartínez, Jose Julio,eautor.13aEl drama de Jesus :bDrama Vivido en Corazon del Hijo Primogénito /cJose Julio Martínez. 1aEspaña :bBolsillo Mensajero,c1987. a480 páginas :bil, graficos. ;c18 cm. atext2rdacontent aunmediated2rdamedia avolume2rdacarrier0 aEntrada. -El mundo le esperaba. -Nace el precursor. -Los magos de oriente. -El carpintero. -Acto primero, El encuentro. -Mi hjo muy amado. -Tentación y victoria. -Confidencias nocturnas. -Aparece el enemigo. -Todo el drama de Jesus. -Acto segundo, Levanta su bandera. -Elige sus embajadores. -Médico de las almas. -Acto tercero, Frente a frente. -Mi madre y mis hermanos. -Ha llegado el reino. -La gran promesa. -Todo lo hizo bien. -Acto cuarto, Hacia un triunfo eterno. -Roca inconmovible. -Si puedes algo, ayudame. -Venid todos a mi. -El padre nuestro. -Todos morireis lo mismo. -No vivais angustiados. -Quien pueda entender entienda. -Acto Quinto, Sera entregado. -Para gloria del hijo de Dios. -La gratitud del extranjero. -Dios y la mitad de los pobres. -Semana Santa. -Bendito el rey que viene. -Las parabolas de la reprobación. -Mas que la honra de Dios. -Ni piedra sobre piedra. -Vosotros sois mis amigos, el mundo los odiara. -La caida de Pedro. -Atado y azotado. -Coronamiento. -Estoy con vosotros. -El primer aleluya. -No temais. -La paz con vosotros. -Cerca del mar. aSEG42 aSEG41 aSEG40 aSEG39 aP94 aP87 aP86 aP85 aP77 aP76 aP351 aJesucristo